000 00614nam a2200241Ia 4500
003 OSt
005 20220918192837.0
006 a|||||r|||| 00| 0
007 ta
008 220917b |||||||| |||| 00| 0 eng d
024 _a70,700
037 _cTextual
040 _aARTS
_cARTS
_beng
041 _2eng
_aeng
082 _aR4xM18:9, K9-;2
100 _aKamenka Eugene
_920165
245 0 _aMarxism and ethics
260 _c1969
490 _aNew studies in ethics ed by W D Hudson
650 _aETHICS
942 _hR4xM18:9, K9-;2
_cTEXL
_2CC
999 _c196793
_d196793